Capitals of the World - Five Minute Sprint - Statistics

General Stats
  • This quiz has been taken 727 times
  • The average score is 113 of 196
Answer Stats
Answer % Correct
London
95%
Paris
91%
Berlin
90%
Oslo
90%
Washington
90%
Ottawa
89%
Dublin
88%
Lisbon
87%
Moscow
87%
Rome
87%
Amsterdam
86%
Brussels
86%
Brasília
85%
Stockholm
85%
Athens
84%
Lima
84%
Madrid
84%
Vienna
84%
Canberra
83%
Beijing
82%
Buenos Aires
82%
Bern
81%
Tokyo
81%
Wellington
81%
Copenhagen
79%
Helsinki
79%
Mexico City
79%
Vatican City
79%
Warsaw
79%
Budapest
78%
Cairo
78%
Caracas
78%
Quito
78%
Bucharest
77%
Monaco
77%
San Marino
77%
Riga
76%
Asunción
75%
Kiev
75%
Reykjavik
75%
Santiago
75%
Andorra la Vella
73%
La Paz
73%
Minsk
73%
Seoul
73%
Tallinn
73%
Vaduz
72%
Valletta
72%
Luxembourg
71%
New Delhi
71%
Prague
71%
Havana
70%
Montevideo
70%
Tirana
70%
Vilnius
70%
Bogotá
69%
Cape Town
69%
Georgetown
69%
Guatemala City
69%
Algiers
68%
Ankara
68%
Bangkok
68%
Paramaribo
68%
Hanoi
67%
Jakarta
67%
Panama City
67%
Tunis
67%
Tehran
66%
Belmopan
65%
Dhaka
65%
Islamabad
65%
Kingston
65%
Manila
65%
Pyongyang
65%
Rabat
65%
Sofia
65%
Abu Dhabi
64%
Riyadh
64%
Zagreb
64%
Baghdad
63%
Jerusalem
63%
Astana
62%
Bratislava
62%
Kabul
62%
Doha
61%
San Salvador
61%
Singapore
61%
Amman
60%
Baku
60%
Beirut
60%
Belgrade
60%
Dili
60%
San José
60%
Tripoli
60%
Abuja
59%
Dakar
59%
Yerevan
58%
Kathmandu
57%
Suva
57%
Pristina
56%
Accra
55%
Apia
55%
Managua
55%
Muscat
55%
Nicosia
55%
Port Moresby
55%
Saint John's
55%
Taipei
55%
Tbilisi
55%
Asmara
54%
Sana'a
54%
Sarajevo
54%
Chișinău
53%
Kuala Lumpur
53%
Ljubljana
53%
Nairobi
53%
Skopje
53%
Addis Ababa
52%
Khartoum
52%
Lomé
52%
Nassau
52%
Phnom Penh
51%
Saint George's
51%
Tashkent
51%
Damascus
50%
Podgorica
50%
Port-au-Prince
50%
Luanda
49%
Vientiane
49%
Dushanbe
48%
Thimphu
48%
Ulaanbaatar
48%
Tegucigalpa
47%
Victoria
47%
Bishkek
46%
Juba
46%
Kinshasa
46%
Lusaka
46%
Malé
46%
Ashgabat
45%
Bridgetown
45%
Freetown
45%
Honiara
45%
Kuwait City
45%
Port Louis
45%
Port Vila
45%
Yaren
45%
Port-of-Spain
44%
Windhoek
44%
Djibouti
43%
Manama
43%
Porto-Novo
43%
Praia
43%
Mogadishu
42%
Santo Domingo
42%
Harare
41%
Maputo
41%
Dodoma
40%
Kigali
40%
Antananarivo
39%
Brazzaville
39%
Kampala
39%
Kingstown
39%
Maseru
39%
Palikir
38%
Colombo
37%
Funafuti
37%
São Tomé
37%
Banjul
36%
Basseterre
36%
Malabo
36%
Bandar Seri Begawan
35%
Bangui
35%
Castries
35%
Majuro
35%
Niamey
35%
Bamako
34%
Monrovia
34%
South Tarawa
34%
Bissau
32%
Conakry
31%
Libreville
31%
Nuku'alofa
31%
Gaborone
30%
Moroni
30%
Naypyidaw
30%
Roseau
30%
Lilongwe
29%
Yaoundé
29%
Nouakchott
28%
Mbabane
27%
Ngerulmud
27%
N'Djamena
26%
Ouagadougou
26%
Yamoussoukro
24%
Bujumbura
20%
No matching quizzes found
Score Distribution
Percent of People with Each Score
Percentile by Number Answered
Your Score History
You have not taken this quiz